Stati per altitudine media - Statistics

Statistiche generali
  • Questo quiz è stato fatto 29 volte
  • Il punteggio medio è 11 su 15
Statistiche sulle risposte
Altitudine media (m) Continente Nazione % Corretto
3 265 Asia Nepal
100%
1 840 Asia Cina
93%
3 280 Asia Bhutan
89%
1 871 America del Sud Cile
89%
1 555 America del Sud Perù
89%
1 996 Europa Andorra
70%
3 186 Asia Tagikistan
70%
1 884 Asia Afghanistan
67%
2 989 Asia Kirghizistan
67%
1 580 Asia Mongolia
63%
1 432 Asia / Europa Georgia
59%
1 504 Africa Burundi
52%
2 161 Africa Lesotho
52%
1 792 Europa Armenia
48%
1 598 Africa Ruanda
48%
Nessun quiz corrispondente trovato
Distribuzione punteggi
Percentuale di utenti per punteggio
Percentile per numero di risposta
I tuoi punteggi nel tempo
Non hai fatto questo quiz